|
|
|
|
| LEADER |
00000cam a2200000 7i4500 |
| 001 |
0000004112 |
| 005 |
20240930.0 |
| 008 |
991208 enka eng |
| 020 |
|
|
|a 0205080383
|
| 040 |
|
|
|a INS
|b eng
|e rda
|
| 090 |
0 |
0 |
|a BF121.
|b C35 1984
|
| 100 |
1 |
|
|a Carlson, Neil R. ,
|e author
|
| 245 |
1 |
0 |
|a Psychology :
|b the science of behavior
|c Neil R. Carlson
|
| 264 |
|
1 |
|a London :
|b Allyn and Bacon, Inc
|c 1984
|
| 300 |
|
|
|a xviii, 730 pages :
|b illustrations ;
|c 27 cm.
|
| 336 |
|
|
|a text
|2 rdacontent
|
| 337 |
|
|
|a unmediated
|2 rdamedia
|
| 338 |
|
|
|a volume
|2 rdacarrier
|
| 504 |
|
|
|a Includes bibliographical references and index
|
| 650 |
|
0 |
|a Psychology
|v Textbooks
|
| 999 |
|
|
|a 0000003730
|b BOOK
|c Open Shelf
|e Default branch
|